| 000 | 00507 a2200145 4500 | ||
|---|---|---|---|
| 001 | 88950 | ||
| 082 | _a372.4 CAL | ||
| 090 |
_c42022 _d42022 |
||
| 100 | _aCalder, Hunter | ||
| 245 |
_aEnglish : learning the alphabet; reading with sounds(1); reading with sound(2); reading for comprehension _cHunter Calder _nBooks 3 _bExcel early skills 4.5 - 5.5 (Book 3) |
||
| 260 |
_aOxford _bOxford University Press _c2009 |
||
| 300 | _a195 p. | ||
| 500 | _aDOS | ||
| 740 |
_abasic english level _hprimary english level |
||
| 942 |
_aCAE NUST _k372.4 CAL |
||
| 999 |
_c324023 _d324023 |
||